000 00789cab a2200253 4500
001 ABS57116
008 090401t1997 xxu||||| |||| 00| 0 eng d
035 _a(Sirsi) u79332
041 _aeng
100 _aRedman, C.
245 4 _aThe historic London estates - their impact on conservation
260 _c1997
350 _a0
490 _aRICS Building Conservation Journal
_v(16) June 1997, 12-13(2)
520 _aExamines the role which the historic estates can play in building conservation in London from the point of view of Grosvenor Estates.
650 _aESTATE MANAGEMENT
650 _aGROSVENOR ESTATES
650 _aHISTORIC BUILDINGS
650 _aLEASEHOLD REFORM
650 _aLONDON ESTATES
690 _aCONSERVATION
942 _n0
948 _c01/07/1997
999 _c49858
_d49858